[Event "World Youth U-16 Olympiad 2018"]
[Site "Konya"]
[Date "2018.11.26"]
[Round "2"]
[White "Kayan, Yasar Efe"]
[Black "Brahami, Lamine"]
[Result "0-1"]
[WhiteElo "1515"]
[BlackElo "1996"]
[Annotator "NA"]
[PlyCount "90"]
[EventDate "2018.11.25"]
[EventType "team-tourn"]
[EventCountry "TUR"]
[SourceTitle "playchess.com"]
[Source "ChessBase"]
[SourceQuality "1"]
[WhiteTeam "Turkey"]
[BlackTeam "Algeria"]
[WhiteTeamCountry "TUR"]
[BlackTeamCountry "ALG"]

1. e4 c5 2. Nc3 d6 3. g3 Nc6 4. Bg2 g6 5. d3 Bg7 6. Be3 Rb8 7. Qd2 a6 8. Rb1 e6 9. a3 Qc7 10. Nge2 Nd4 11. b4 Ne7 12. b5 Nxb5 13. Nxb5 axb5 14. Rxb5 O-O 15. Bh6 Bd7 16. Rb1 Ra8 17. Bxg7 Kxg7 18. Qc3+ e5 19. O-O Ra7 20. d4 Rfa8 21. Rb3 b5 22. dxe5 dxe5 23. Ra1 c4 24. Rb2 Qc5 25. Rb3 Nc6 26. Rd1 Be6 27. Nf4 Nd4 28. Rb4 Rxa3 29. Nxe6+ fxe6 30. Qd2 c3 31. Qg5 h6 32. Rxb5 Qxb5 33. Qe7+ Kg8 34. Bh3 Qe8 35. Qd6 Ra1 36. Rxa1 Rxa1+ 37. Kg2 Ra5 38. f4 Ra2 39. Qxe5 Rxc2+ 40. Kf1 Qb5+ 41. Qxb5 Nxb5 42. Bxe6+ Kf8 43. Ke1 Rxh2 44. Kd1 Nd4 45. Bc4 Rh1+ 0-1

[Event "World Youth U-16 Olympiad 2018"]
[Site "Konya"]
[Date "2018.11.26"]
[Round "2"]
[White "Tempany, Max"]
[Black "Adiguzel, Ufuk Alp"]
[Result "0-1"]
[WhiteElo "1508"]
[BlackElo "2019"]
[Annotator "NA RC"]
[PlyCount "182"]
[EventDate "2018.11.25"]
[EventType "team-tourn"]
[EventCountry "TUR"]
[SourceTitle "playchess.com"]
[Source "ChessBase"]
[SourceQuality "1"]
[WhiteTeam "Ireland"]
[BlackTeam "Turkey"]
[WhiteTeamCountry "IRL"]
[BlackTeamCountry "TUR"]

1. e4 c5 2. c3 Nf6 3. e5 Nd5 4. Nf3 e6 5. d4 cxd4 6. cxd4 d6 7. Nc3 Nxc3 8. bxc3 Qc7 9. Bd2 Nd7 10. Qa4 dxe5 11. Nxe5 Bd6 12. Nc4 O-O 13. Nxd6 Qxd6 14. Bd3 Nf6 15. Qc2 h6 16. h3 b5 17. O-O Bb7 18. Rfe1 Rac8 19. Bxb5 Qd5 20. Bf1 Qxd4 21. Be3 Qxc3 22. Qxc3 Rxc3 23. Reb1 Bd5 24. Bxa7 Ra8 25. Rb8+ Rxb8 26. Bxb8 Ra3 27. Be5 Nd7 28. Bb2 Rxa2 29. Rxa2 Bxa2 30. Bb5 Nf8 31. h4 f6 32. Be8 e5 33. h5 Bf7 34. Bxf7+ Kxf7 35. g4 Ke6 36. Kg2 Kd5 37. f3 Ne6 38. Kg3 Kc4 39. Ba3 Kd3 40. Be7 e4 41. fxe4 Kxe4 42. Bd6 f5 43. gxf5 Kxf5 44. Kh4 Nd4 45. Bf8 Kf4 46. Bd6+ Kf3 47. Be5 Ke4 48. Bc7 Kf5 49. Bd8 Kf4 50. Bc7+ Kf3 51. Be5 Ke4 52. Bc7 Nf3+ 53. Kg4 Ne5+ 54. Kh4 Kf4 55. Bd6 Kf5 56. Bc7 Ng4 57. Bd8 Ne3 58. Kg3 Nc4 59. Kh4 Ke6 60. Bc7 Nd2 61. Kg4 Ne4 62. Kh4 Kf5 63. Bd8 Nf6 64. Bc7 Nd5 65. Bd8 Kf4 66. Ba5 Ne7 67. Bc7+ Kf3 68. Bd8 Nf5+ 69. Kh3 Kf4 70. Bc7+ Kg5 71. Be5 Kxh5 72. Bc3 g5 73. Be5 g4+ 74. Kh2 Kg5 75. Bc3 Kf4 76. Kg2 g3 77. Bd2+ Kg4 78. Bc1 h5 79. Bd2 h4 80. Ba5 h3+ 81. Kh1 Kf3 82. Bb6 Ne3 83. Bc5 Kf2 84. Bxe3+ Kxe3 85. Kg1 Kf3 86. Kh1 g2+ 87. Kg1 h2+ 88. Kxh2 Kf2 89. Kh3 g1=Q 90. Kh4 Qg6 91. Kh3 Qh5# 0-1

[Event "World Youth U-16 Olympiad 2018"]
[Site "Konya"]
[Date "2018.11.26"]
[Round "2"]
[White "Coicev, Matei-Andrei"]
[Black "Gholami Orimi, Mahdi"]
[Result "0-1"]
[WhiteElo "1489"]
[BlackElo "2326"]
[Annotator "TA"]
[PlyCount "80"]
[EventDate "2018.11.25"]
[EventType "team-tourn"]
[EventCountry "TUR"]
[SourceTitle "playchess.com"]
[Source "ChessBase"]
[SourceQuality "1"]
[WhiteTeam "Romania"]
[BlackTeam "Iran"]
[WhiteTeamCountry "ROU"]
[BlackTeamCountry "IRI"]

1. e4 e5 2. Nf3 Nc6 3. Bc4 Bc5 4. c3 Nf6 5. d4 exd4 6. cxd4 Bb4+ 7. Bd2 Bxd2+ 8. Nbxd2 d5 9. exd5 Nxd5 10. O-O O-O 11. Rc1 Nce7 12. Ne4 c6 13. Re1 a5 14. Ne5 Ra7 15. a3 f6 16. Nf3 b6 17. Ba2 Bg4 18. Qb3 Bh5 19. Rxc6 Nxc6 20. Qxd5+ Bf7 21. Qxc6 Bxa2 22. Nd6 Rd7 23. Nf5 Bd5 24. Qc3 Re8 25. Rc1 Be4 26. Ng3 Bxf3 27. Qxf3 Rxd4 28. Nf5 Rde4 29. Qb3+ Kh8 30. Ne3 f5 31. Rd1 Qc7 32. g3 f4 33. Nd5 Re1+ 34. Rxe1 Rxe1+ 35. Kg2 Qc6 36. Qf3 h6 37. gxf4 Qg6+ 38. Kh3 Qf5+ 39. Kh4 g5+ 40. Kh5 g4+ 0-1

[Event "World Youth U-16 Olympiad 2018"]
[Site "Konya"]
[Date "2018.11.26"]
[Round "2"]
[White "Igisinova, Liya"]
[Black "Botez, Andrea"]
[Result "1-0"]
[WhiteElo "1482"]
[BlackElo "1647"]
[Annotator "NA"]
[PlyCount "93"]
[EventDate "2018.11.25"]
[EventType "team-tourn"]
[EventCountry "TUR"]
[SourceTitle "playchess.com"]
[Source "ChessBase"]
[SourceQuality "1"]
[WhiteTeam "Kazakhstan"]
[BlackTeam "Canada"]
[WhiteTeamCountry "KAZ"]
[BlackTeamCountry "CAN"]

1. d4 Nf6 2. Nf3 g6 3. g3 Bg7 4. Bg2 d6 5. O-O O-O 6. Nc3 Nbd7 7. e4 e5 8. h3 Re8 9. Re1 b6 10. Be3 Bb7 11. dxe5 dxe5 12. Nd2 Bf8 13. Nb3 a5 14. a4 Bb4 15. Bd2 Nc5 16. Nxc5 Bxc5 17. Bg5 Be7 18. Qf3 Nd7 19. Bh6 Bd6 20. Rad1 Bc6 21. Bf1 Nc5 22. b3 Ne6 23. Bb5 Nd4 24. Rxd4 Bxb5 25. Rxd6 cxd6 26. Nxb5 Re6 27. Be3 Rc8 28. c4 Kg7 29. Rd1 h6 30. Rd5 Rf6 31. Qd1 Qd7 32. Rxd6 Qxh3 33. Rxf6 Kxf6 34. Qd6+ Qe6 35. Qxe6+ Kxe6 36. Bxb6 f5 37. exf5+ gxf5 38. Bxa5 f4 39. Nc7+ Kf5 40. b4 Kg4 41. gxf4 exf4 42. b5 Kf3 43. b6 Rg8+ 44. Kf1 h5 45. Ne6 h4 46. Bd2 Rg2 47. Nd4+ 1-0

[Event "World Youth U-16 Olympiad 2018"]
[Site "Konya"]
[Date "2018.11.26"]
[Round "2"]
[White "Mairambekova, Aiperi"]
[Black "Khachatryan, Anna"]
[Result "0-1"]
[WhiteElo "1398"]
[BlackElo "2121"]
[Annotator "TA"]
[PlyCount "68"]
[EventDate "2018.11.25"]
[EventType "team-tourn"]
[EventCountry "TUR"]
[SourceTitle "playchess.com"]
[Source "ChessBase"]
[SourceQuality "1"]
[WhiteTeam "Kyrgyzstan"]
[BlackTeam "Armenia"]
[WhiteTeamCountry "KGZ"]
[BlackTeamCountry "ARM"]

1. e4 Nf6 2. e5 Nd5 3. d4 d6 4. Nf3 g6 5. c4 Nb6 6. Nc3 Bg7 7. Be3 O-O 8. Be2 Bg4 9. exd6 cxd6 10. h3 Bxf3 11. Bxf3 Nc6 12. Be2 d5 13. c5 Nc8 14. O-O e5 15. Bb5 N8e7 16. Bxc6 bxc6 17. dxe5 Bxe5 18. Bd4 Bxd4 19. Qxd4 Nf5 20. Qa4 Qf6 21. Qf4 a5 22. Na4 Rfe8 23. b3 Re4 24. Qf3 Rae8 25. Nc3 R4e7 26. Kh1 Qd4 27. Na4 Re2 28. Rad1 Qe5 29. Nc3 Rc2 30. Rfe1 Qxe1+ 31. Rxe1 Rxe1+ 32. Kh2 Rcc1 33. g3 Nd4 34. Qg2 Rxc3 0-1

[Event "World Youth U-16 Olympiad 2018"]
[Site "Konya"]
[Date "2018.11.26"]
[Round "2"]
[White "Djerroud, Chahrazed"]
[Black "Laohawirapap, Prin"]
[Result "1-0"]
[WhiteElo "1389"]
[BlackElo "1750"]
[Annotator "NA RC"]
[PlyCount "95"]
[EventDate "2018.11.25"]
[EventType "team-tourn"]
[EventCountry "TUR"]
[SourceTitle "playchess.com"]
[Source "ChessBase"]
[SourceQuality "1"]
[WhiteTeam "Algeria"]
[BlackTeam "Thailand"]
[WhiteTeamCountry "ALG"]
[BlackTeamCountry "THA"]

1. e4 d5 2. exd5 Nf6 3. d4 Bg4 4. Be2 Bxe2 5. Qxe2 Qxd5 6. Nf3 Nc6 7. Nc3 Qf5 8. a3 O-O-O 9. Be3 h6 10. b4 e6 11. b5 Ne7 12. Ne5 Nd7 13. g4 Qf6 14. Ne4 Qh4 15. Nxf7 Rg8 16. Nxd8 Kxd8 17. h3 g6 18. Bf4 Nf5 19. Qc4 Bd6 20. gxf5 Bxf4 21. fxe6 Re8 22. Nd2 Nb6 23. Qe2 Qf6 24. O-O-O Rxe6 25. Qd3 c5 26. Rhe1 c4 27. Rxe6 Qxe6 28. Qf3 c3 29. Qxf4 Qa2 30. Qd6+ Nd7 31. Qb4 cxd2+ 32. Kxd2 Qd5 33. Re1 Qg5+ 34. Kc3 Qf6 35. Qc4 Qxf2 36. Qg8+ Kc7 37. Qc4+ Kd8 38. Qe6 Qf8 39. Kb2 Nb6 40. Re3 g5 41. Qb3 Qg7 42. Qb4 Qf7 43. Qd6+ Nd7 44. Rc3 h5 45. Qc7+ Ke7 46. Re3+ Kf8 47. Qd8+ Kg7 48. Re7 1-0

[Event "World Youth U-16 Olympiad 2018"]
[Site "Konya"]
[Date "2018.11.26"]
[Round "2"]
[White "Putter, Nicola"]
[Black "Beydullayeva, Govhar"]
[Result "0-1"]
[WhiteElo "1351"]
[BlackElo "2202"]
[Annotator "TA"]
[PlyCount "62"]
[EventDate "2018.11.25"]
[EventType "team-tourn"]
[EventCountry "TUR"]
[SourceTitle "playchess.com"]
[Source "ChessBase"]
[SourceQuality "1"]
[WhiteTeam "South Africa"]
[BlackTeam "Azerbaijan"]
[WhiteTeamCountry "RSA"]
[BlackTeamCountry "AZE"]

1. e4 c5 2. Nc3 Nc6 3. Bb5 Nd4 4. Nf3 e6 5. Nxd4 cxd4 6. Ne2 Bc5 7. c3 dxc3 8. Nxc3 Qf6 9. O-O Ne7 10. d3 Bd4 11. Be3 O-O 12. Qa4 Bxe3 13. fxe3 Qg5 14. Rf3 d5 15. Raf1 dxe4 16. Nxe4 Qe5 17. Qb4 Ng6 18. Nd6 a5 19. Qa3 Nh4 20. R3f2 Nf5 21. Nxc8 Rfxc8 22. Bd7 Rd8 23. e4 Ne3 24. Qe7 Nxf1 25. Qxf7+ Kh8 26. Kxf1 Qd6 27. Bxe6 Qxd3+ 28. Kg1 Qxe4 29. Bf5 Rd1+ 30. Rf1 Qe3+ 31. Kh1 Rxf1# 0-1

[Event "World Youth U-16 Olympiad 2018"]
[Site "Konya"]
[Date "2018.11.26"]
[Round "2"]
[White "Bugdayci, Yuksel"]
[Black "Zane, Rayane"]
[Result "0-1"]
[WhiteElo "1299"]
[BlackElo "1793"]
[Annotator "NA"]
[PlyCount "126"]
[EventDate "2018.11.25"]
[EventType "team-tourn"]
[EventCountry "TUR"]
[SourceTitle "playchess.com"]
[Source "ChessBase"]
[SourceQuality "1"]
[WhiteTeam "Turkey"]
[BlackTeam "Algeria"]
[WhiteTeamCountry "TUR"]
[BlackTeamCountry "ALG"]

1. e4 c5 2. Nf3 d6 3. d4 cxd4 4. Nxd4 Nf6 5. Nc3 a6 6. Be2 e6 7. O-O Be7 8. a4 Qc7 9. Nf3 b6 10. Re1 Bb7 11. Bd3 Nbd7 12. Bf4 O-O 13. h3 Rfd8 14. Qe2 Ne5 15. Nxe5 dxe5 16. Bd2 Nd7 17. Red1 Bc5 18. Kf1 Bd4 19. Ra3 Nc5 20. Be1 Bc6 21. b4 Nxd3 22. Rxd3 Qe7 23. Nb1 a5 24. b5 Bb7 25. f3 Rac8 26. Bf2 Qb4 27. Rdb3 Qc5 28. Bxd4 exd4 29. c3 dxc3 30. Rxc3 Qd4 31. Qd3 Rxc3 32. Qxc3 Qd1+ 33. Qe1 Qc2 34. Rc3 Qxa4 35. Rc1 Qxb5+ 36. Kf2 h6 37. Qe2 Qxe2+ 38. Kxe2 Rc8 39. Rxc8+ Bxc8 40. Nc3 Bd7 41. Kd3 Kf8 42. Kc4 f6 43. g3 Ke7 44. f4 Kd6 45. g4 g5 46. f5 b5+ 47. Nxb5+ Bxb5+ 48. Kxb5 e5 49. Kxa5 Kc5 50. Ka6 Kd4 51. Kb5 Kxe4 52. Kc5 Kd3 53. Kd5 e4 54. Ke6 e3 55. Kxf6 e2 56. Kg7 e1=Q 57. f6 Qe5 58. Kg6 Kd4 59. f7 Qh8 60. h4 gxh4 61. g5 hxg5 62. f8=Q Qxf8 63. Kxg5 h3 0-1

[Event "World Youth U-16 Olympiad 2018"]
[Site "Konya"]
[Date "2018.11.26"]
[Round "3"]
[White "Firouzja, Alireza"]
[Black "Sahidi, Samir"]
[Result "1-0"]
[WhiteElo "2607"]
[BlackElo "2309"]
[Annotator "TA"]
[PlyCount "82"]
[EventDate "2018.11.25"]
[EventType "team-tourn"]
[EventCountry "TUR"]
[SourceTitle "playchess.com"]
[Source "ChessBase"]
[SourceQuality "1"]
[WhiteTeam "Iran"]
[BlackTeam "Slovakia"]
[WhiteTeamCountry "IRI"]
[BlackTeamCountry "SVK"]

1. e4 c5 2. Nf3 d6 3. d4 cxd4 4. Nxd4 Nf6 5. Nc3 a6 6. h3 e5 7. Nde2 Be7 8. g4 O-O 9. Ng3 Nc6 10. g5 Nd7 11. h4 Nb6 12. Be3 Be6 13. Bg2 Nc4 14. Bc1 Nd4 15. Nd5 Re8 16. c3 Nc6 17. b3 Nb6 18. Be3 Nd7 19. Nf5 Bf8 20. h5 Kh8 21. Qd2 Bxf5 22. exf5 e4 23. Rh4 Nc5 24. b4 Na4 25. Qc2 b5 26. Rxe4 Qd7 27. Kf1 Ne5 28. f6 Nc4 29. fxg7+ Bxg7 30. h6 Be5 31. Rxe5 Rxe5 32. Bd4 f5 33. Nf6 Qc8 34. Kg1 Rb8 35. f4 Qc7 36. fxe5 dxe5 37. Bf2 Nd6 38. Re1 Qe7 39. Bd4 Ne4 40. Rxe4 fxe4 41. Qxe4 Rd8 1-0

[Event "World Youth U-16 Olympiad 2018"]
[Site "Konya"]
[Date "2018.11.26"]
[Round "3"]
[White "Yakubboev, Nodirbek"]
[Black "Lashkin, Jegor"]
[Result "1-0"]
[WhiteElo "2549"]
[BlackElo "2367"]
[Annotator "TA"]
[PlyCount "59"]
[EventDate "2018.11.25"]
[EventType "team-tourn"]
[EventCountry "TUR"]
[SourceTitle "playchess.com"]
[Source "ChessBase"]
[SourceQuality "1"]
[WhiteTeam "Uzbekistan"]
[BlackTeam "Moldova"]
[WhiteTeamCountry "UZB"]
[BlackTeamCountry "MDA"]

1. d4 d5 2. c4 e6 3. Nf3 a6 4. Nc3 Nf6 5. cxd5 exd5 6. Bg5 Be6 7. Qb3 b5 8. Qc2 Bd6 9. e3 Nbd7 10. Bd3 h6 11. Bf4 Qe7 12. O-O O-O 13. Rac1 Rfc8 14. Ne2 c6 15. h3 a5 16. Ne5 Bxe5 17. dxe5 Ne4 18. Nd4 Nec5 19. Be2 Qe8 20. Bh2 Nb7 21. f4 Nf8 22. f5 Bd7 23. Bh5 g6 24. fxg6 fxg6 25. Rxf8+ Qxf8 26. Rf1 Qg7 27. Rf6 gxh5 28. Rg6 Rf8 29. e6 Be8 30. Be5 1-0

[Event "World Youth U-16 Olympiad 2018"]
[Site "Konya"]
[Date "2018.11.26"]
[Round "3"]
[White "Matviishen, Viktor"]
[Black "Erigaisi Arjun"]
[Result "0-1"]
[WhiteElo "2476"]
[BlackElo "2531"]
[Annotator "TA"]
[PlyCount "64"]
[EventDate "2018.11.25"]
[EventType "team-tourn"]
[EventCountry "TUR"]
[SourceTitle "playchess.com"]
[Source "ChessBase"]
[SourceQuality "1"]
[WhiteTeam "Ukraine"]
[BlackTeam "India"]
[WhiteTeamCountry "UKR"]
[BlackTeamCountry "IND"]

1. d4 Nf6 2. c4 e6 3. Nf3 d5 4. Bg5 Be7 5. Nc3 O-O 6. e3 b6 7. Qc2 Bb7 8. Bxf6 Bxf6 9. cxd5 exd5 10. Bd3 h6 11. O-O Nd7 12. Rfd1 Qe7 13. Bf5 Rfd8 14. Rab1 c5 15. dxc5 Nxc5 16. Nd4 g6 17. Bh3 Ne4 18. Rbc1 h5 19. g3 h4 20. Nce2 Be5 21. Nf3 hxg3 22. hxg3 Qf6 23. Ned4 Bd6 24. Bg2 Kg7 25. Nb5 Bc5 26. a3 a5 27. Nbd4 a4 28. Bh3 Rh8 29. Bg4 Bxd4 30. Rxd4 Rac8 31. Qb1 Rxc1+ 32. Qxc1 Bc8 0-1

[Event "World Youth U-16 Olympiad 2018"]
[Site "Konya"]
[Date "2018.11.26"]
[Round "3"]
[White "Sargsyan, Shant"]
[Black "Bjerre, Jonas Buhl"]
[Result "1/2-1/2"]
[WhiteElo "2463"]
[BlackElo "2422"]
[Annotator "TA"]
[PlyCount "75"]
[EventDate "2018.11.25"]
[EventType "team-tourn"]
[EventCountry "TUR"]
[SourceTitle "playchess.com"]
[Source "ChessBase"]
[SourceQuality "1"]
[WhiteTeam "Armenia"]
[BlackTeam "Denmark"]
[WhiteTeamCountry "ARM"]
[BlackTeamCountry "DEN"]

1. d4 Nf6 2. c4 e6 3. Nf3 d5 4. g3 dxc4 5. Bg2 a6 6. O-O Nc6 7. e3 Bd7 8. Qe2 Bd6 9. Qxc4 O-O 10. Rd1 Rb8 11. Nc3 Qe7 12. e4 b5 13. Qd3 b4 14. e5 bxc3 15. bxc3 h6 16. exf6 Qxf6 17. Qxa6 e5 18. dxe5 Nxe5 19. Nxe5 Bb5 20. Nd7 Qxc3 21. Bd2 Qxa1 22. Rxa1 Bxa6 23. Nxb8 Rxb8 24. Bc3 Ba3 25. Bf1 Rb6 26. Re1 Rc6 27. Re3 Bxf1 28. Kxf1 Bc1 29. Rd3 Ra6 30. Rd8+ Kh7 31. Rd1 Bg5 32. h4 Bf6 33. Bxf6 gxf6 34. Rd2 Kg6 35. Ke2 Ra3 36. Kd1 c5 37. Rc2 c4 38. Rxc4 1/2-1/2

[Event "World Youth U-16 Olympiad 2018"]
[Site "Konya"]
[Date "2018.11.26"]
[Round "3"]
[White "Engel, Luis"]
[Black "Stefansson, Vignir Vatnar"]
[Result "1-0"]
[WhiteElo "2459"]
[BlackElo "2283"]
[Annotator "TA"]
[PlyCount "93"]
[EventDate "2018.11.25"]
[EventType "team-tourn"]
[EventCountry "TUR"]
[SourceTitle "playchess.com"]
[Source "ChessBase"]
[SourceQuality "1"]
[WhiteTeam "Germany"]
[BlackTeam "Iceland"]
[WhiteTeamCountry "GER"]
[BlackTeamCountry "ISL"]

1. e4 e6 2. d4 d5 3. Nd2 Nc6 4. Ngf3 Nf6 5. e5 Nd7 6. c4 Be7 7. cxd5 exd5 8. Bd3 Nf8 9. Nb3 Bg4 10. O-O Ne6 11. Be3 a5 12. a4 Nb4 13. Be2 O-O 14. Rc1 b6 15. h3 Bxf3 16. Bxf3 f5 17. exf6 Bxf6 18. Bg4 Re8 19. Re1 Qd6 20. Bf5 g6 21. Bb1 Rac8 22. Qg4 Qd7 23. Bh6 Kh8 24. Re3 Qf7 25. Rce1 Ng7 26. Nd2 Rcd8 27. Nf3 Rxe3 28. Rxe3 Re8 29. Ng5 Bxg5 30. Qxg5 Rxe3 31. fxe3 Nc6 32. Qg4 Nf5 33. Bf4 Nce7 34. Bxc7 Nxe3 35. Qe2 Nc4 36. b3 Nc8 37. Bg3 N4d6 38. Bxd6 Nxd6 39. Qe5+ Qg7 40. Qxd6 Qxd4+ 41. Kh2 Kg7 42. Qg3 Kf6 43. Qf3+ Ke5 44. Qe2+ Kd6 45. Bd3 Qc3 46. Bb5 Qf6 47. Qf3 1-0

[Event "World Youth U-16 Olympiad 2018"]
[Site "Konya"]
[Date "2018.11.26"]
[Round "3"]
[White "Vokhidov, Shamsiddin"]
[Black "Verbin, Valentina"]
[Result "1-0"]
[WhiteElo "2456"]
[BlackElo "1936"]
[Annotator "TA"]
[PlyCount "33"]
[EventDate "2018.11.25"]
[EventType "team-tourn"]
[EventCountry "TUR"]
[SourceTitle "playchess.com"]
[Source "ChessBase"]
[SourceQuality "1"]
[WhiteTeam "Uzbekistan"]
[BlackTeam "Moldova"]
[WhiteTeamCountry "UZB"]
[BlackTeamCountry "MDA"]

1. e4 e5 2. Bc4 Nf6 3. d3 c6 4. Nf3 d5 5. Bb3 Bd6 6. Nc3 dxe4 7. Ng5 O-O 8. Ncxe4 Nxe4 9. Nxe4 Be7 10. Qh5 Nd7 11. O-O Qc7 12. Bg5 Bxg5 13. Qxg5 Nb6 14. f4 exf4 15. Rxf4 h6 16. Nf6+ Kh8 17. Rh4 1-0

[Event "World Youth U-16 Olympiad 2018"]
[Site "Konya"]
[Date "2018.11.26"]
[Round "3"]
[White "Niemann, Hans"]
[Black "Tanriverdi, Enes"]
[Result "1-0"]
[WhiteElo "2439"]
[BlackElo "2317"]
[Annotator "TA"]
[PlyCount "55"]
[EventDate "2018.11.25"]
[EventType "team-tourn"]
[EventCountry "TUR"]
[SourceTitle "playchess.com"]
[Source "ChessBase"]
[SourceQuality "1"]
[WhiteTeam "United States"]
[BlackTeam "Turkey"]
[WhiteTeamCountry "USA"]
[BlackTeamCountry "TUR"]

1. Nf3 d5 2. d4 Nf6 3. c4 c6 4. e3 Bf5 5. Nc3 e6 6. Nh4 Be4 7. f3 Bg6 8. Qb3 Qc7 9. Bd2 Be7 10. cxd5 Nxd5 11. Nxg6 hxg6 12. O-O-O Nd7 13. Kb1 O-O 14. h4 Rfd8 15. Nxd5 exd5 16. h5 gxh5 17. Rxh5 Nf6 18. Rh3 g6 19. e4 dxe4 20. Bc4 Rd5 21. Bxd5 cxd5 22. Rdh1 Rc8 23. Rh8+ Kg7 24. Bh6+ Kxh8 25. Bf4+ Kg7 26. Bxc7 Rxc7 27. Qe3 Kf8 28. Rh8+ 1-0

[Event "World Youth U-16 Olympiad 2018"]
[Site "Konya"]
[Date "2018.11.26"]
[Round "3"]
[White "Vlachos, Anatole"]
[Black "Nogerbek, Kazybek"]
[Result "0-1"]
[WhiteElo "2434"]
[BlackElo "2316"]
[Annotator "TA"]
[PlyCount "134"]
[EventDate "2018.11.25"]
[EventType "team-tourn"]
[EventCountry "TUR"]
[SourceTitle "playchess.com"]
[Source "ChessBase"]
[SourceQuality "1"]
[WhiteTeam "Greece"]
[BlackTeam "Kazakhstan"]
[WhiteTeamCountry "GRE"]
[BlackTeamCountry "KAZ"]

1. c4 Nf6 2. g3 e6 3. Bg2 d5 4. b3 d4 5. Nf3 c5 6. O-O Nc6 7. e3 Be7 8. exd4 cxd4 9. d3 O-O 10. Re1 Re8 11. a3 a5 12. Bb2 Bf8 13. Ne5 Nxe5 14. Rxe5 Nd7 15. Rb5 Nc5 16. b4 axb4 17. axb4 Rxa1 18. Bxa1 Na6 19. c5 Nc7 20. Ra5 Nd5 21. Qa4 Bd7 22. Qa3 b6 23. Ra7 bxc5 24. bxc5 Qc8 25. Qa5 Bc6 26. Nd2 Nc3 27. Rc7 Ne2+ 28. Kf1 Bxg2+ 29. Kxg2 Qd8 30. Nf3 Nc1 31. Qb5 Qxc7 32. Qxe8 Qxc5 33. Bxd4 Qd5 34. Qc8 Nxd3 35. Qc3 Qe4 36. Qd2 h6 37. Qe3 Qxe3 38. Bxe3 f6 39. Kf1 Kf7 40. Ke2 Nb4 41. Nd2 Nd5 42. Ba7 e5 43. f3 Ke6 44. Kd3 Bb4 45. Nb3 h5 46. Bf2 g5 47. g4 hxg4 48. fxg4 f5 49. gxf5+ Kxf5 50. Bg3 Nf4+ 51. Kc4 Be7 52. Nd2 e4 53. Nf1 Ng2 54. Kd5 Bf6 55. Bb8 Nf4+ 56. Kc4 Kg4 57. Ba7 Be5 58. Nd2 Kf5 59. Nf1 Ng2 60. h3 Bf4 61. Bf2 e3 62. Nxe3+ Bxe3 63. Bg3 Nf4 64. h4 g4 65. Bh2 Ke4 66. Kc3 Ne2+ 67. Kc2 Bf4 0-1

[Event "World Youth U-16 Olympiad 2018"]
[Site "Konya"]
[Date "2018.11.26"]
[Round "3"]
[White "Muradli, Mahammad"]
[Black "Kerem, Halil Ozgun"]
[Result "1/2-1/2"]
[WhiteElo "2420"]
[BlackElo "2248"]
[Annotator "TA"]
[PlyCount "115"]
[EventDate "2018.11.25"]
[EventType "team-tourn"]
[EventCountry "TUR"]
[SourceTitle "playchess.com"]
[Source "ChessBase"]
[SourceQuality "1"]
[WhiteTeam "Azerbaijan"]
[BlackTeam "Turkey"]
[WhiteTeamCountry "AZE"]
[BlackTeamCountry "TUR"]

1. d4 Nf6 2. c4 e6 3. Nf3 d5 4. Nc3 a6 5. cxd5 exd5 6. Qb3 b5 7. Bg5 Be6 8. Qc2 Nbd7 9. e3 c5 10. dxc5 Bxc5 11. Bd3 h6 12. Bh4 O-O 13. O-O Rc8 14. a3 g5 15. Bg3 Nh5 16. Rfd1 Nxg3 17. hxg3 Qf6 18. Rac1 Ne5 19. Nxe5 Qxe5 20. Qd2 d4 21. exd4 Bxd4 22. Bh7+ Kxh7 23. Qxd4 Qxd4 24. Rxd4 Rc6 25. Rcd1 Rfc8 26. f3 Kg7 27. g4 Rc4 28. Ne4 Rc2 29. Nd6 R8c6 30. R1d2 Kf6 31. Kf2 Ke5 32. Re4+ Kf6 33. Red4 Ke5 34. Re4+ Kf6 35. Ree2 Rxd2 36. Rxd2 Ke5 37. Ne4 Bxg4 38. b4 Bf5 39. Nc5 a5 40. g4 axb4 41. axb4 Be6 42. Rd8 Rd6 43. Rb8 Bc4 44. Ke3 Rd1 45. Rb6 Re1+ 46. Kf2 Re2+ 47. Kg3 Rb2 48. Rxh6 Rxb4 49. Ne4 Rb1 50. Nxg5 b4 51. Rb6 b3 52. Ne4 Rg1+ 53. Kf2 Rf1+ 54. Kg3 Rg1+ 55. Kf2 Rf1+ 56. Kg3 Rg1+ 57. Kf2 Rf1+ 58. Kg3 1/2-1/2

[Event "World Youth U-16 Olympiad 2018"]
[Site "Konya"]
[Date "2018.11.26"]
[Round "3"]
[White "Kosakowski, Jakub"]
[Black "Leffad, Samy"]
[Result "1-0"]
[WhiteElo "2413"]
[BlackElo "1776"]
[Annotator "TA"]
[PlyCount "85"]
[EventDate "2018.11.25"]
[EventType "team-tourn"]
[EventCountry "TUR"]
[SourceTitle "playchess.com"]
[Source "ChessBase"]
[SourceQuality "1"]
[WhiteTeam "Poland"]
[BlackTeam "Algeria"]
[WhiteTeamCountry "POL"]
[BlackTeamCountry "ALG"]

1. e4 c5 2. Nf3 d6 3. d4 cxd4 4. Nxd4 Nf6 5. Nc3 a6 6. h3 e5 7. Nde2 Be7 8. g4 h6 9. Bg2 Be6 10. O-O O-O 11. a4 Nbd7 12. Be3 Rc8 13. Ng3 Qc7 14. Qf3 Rfe8 15. Rfd1 Bf8 16. Nf5 Kh7 17. Qg3 g6 18. Nxh6 Bxh6 19. Qh4 Ng8 20. Bxh6 Nxh6 21. g5 Rh8 22. gxh6 Rhg8 23. Qe7 Nb6 24. Qg5 Qd8 25. Qg3 Kxh6 26. Rd3 f5 27. f4 Nc4 28. Rad1 exf4 29. Qxf4+ g5 30. Qf1 Qb6+ 31. Kh1 f4 32. h4 Ne3 33. Qf2 Rc6 34. hxg5+ Rxg5 35. Qxf4 Nxg2 36. Qf6+ Rg6 37. Qh8+ Kg5 38. Rg3+ Bg4 39. Rd5+ Kf4 40. Rxg4+ Kxg4 41. Qh5+ Kf4 42. Qf5+ Ke3 43. Rd3# 1-0

[Event "World Youth U-16 Olympiad 2018"]
[Site "Konya"]
[Date "2018.11.26"]
[Round "3"]
[White "Badelka, Olga"]
[Black "Kacharava, Nikolozi"]
[Result "1-0"]
[WhiteElo "2390"]
[BlackElo "2356"]
[Annotator "TA"]
[PlyCount "71"]
[EventDate "2018.11.25"]
[EventType "team-tourn"]
[EventCountry "TUR"]
[SourceTitle "playchess.com"]
[Source "ChessBase"]
[SourceQuality "1"]
[WhiteTeam "Belarus"]
[BlackTeam "Georgia"]
[WhiteTeamCountry "BLR"]
[BlackTeamCountry "GEO"]

1. d4 d6 2. e4 Nf6 3. f3 e5 4. d5 c6 5. c4 Qb6 6. Nc3 Bd7 7. Qe2 Na6 8. Be3 Nc5 9. Qd2 cxd5 10. cxd5 Rc8 11. Rb1 a5 12. Nge2 a4 13. Nc1 Qb4 14. Nd3 Nxd3+ 15. Bxd3 Nh5 16. g3 Be7 17. Nb5 Qxd2+ 18. Kxd2 g6 19. Rbc1 O-O 20. Na7 Rxc1 21. Rxc1 Bd8 22. Nb5 Bxb5 23. Bxb5 f5 24. Ke2 fxe4 25. fxe4 Nf6 26. Bh6 a3 27. b4 Nxe4 28. Rc8 Be7 29. Bxf8 Bxf8 30. Bd3 Nf6 31. Rb8 Kf7 32. Rxb7+ Ke8 33. Bb5+ Kd8 34. Rb8+ Ke7 35. Bc6 Ne4 36. Kd3 1-0